000 00729nam a2200289Ia 4500
005 20260324134059.0
008 008 260324s9999 xx 000 0 eng d
020 _a9781410607997
037 _aEBOOK
040 _aCRL
040 _beng
040 _cCRL
041 _2eng
041 _aeng
084 _qCRL
100 _aBrian E. Clauser
_91195495
245 0 _aAdvances in Computerized Scoring of Complex Item Formats
245 2 _bA Special Issue of Applied Measurement in Education
260 _bTaylor and Francis
260 _c2002
365 _a
365 _b190
856 _uhttp://www.taylorfrancis.com/books/9781410607997
942 _cEBOOK
999 _c1795188
_d1795188